| 000 | 00472nam a22001817a 4500 | ||
|---|---|---|---|
| 003 | OSt | ||
| 005 | 20140310182129.0 | ||
| 008 | 130828t xxu||||| |||| 00| 0 eng d | ||
| 050 |
_aBV 2082 _b.P615 1993 |
||
| 082 |
_aHS 920 _bP28 1993 |
||
| 100 |
_aPierce, David _914592 |
||
| 245 |
_aRock priest / _cDavid Pierce. |
||
| 260 |
_aGreat Britain : _bKingsway Publications, _c1993. |
||
| 300 |
_a159 p. ; _c20 cm. |
||
| 650 |
_aBiography _912111 |
||
| 942 | _2lcc | ||
| 999 |
_c9671 _d9671 |
||